00599 2200205 4500001002100000005001500021035002000036007000300056008004100059020002200100082000800122084001400130100001900144245008500163250003000248260003400278300004400312650001800356700001900374INLIS00000000000345020250917124901 a0010-0925000461ta250917 d j ind  a978-602-255-577-3 a813 a813 EVA t0 aEva Sri Rahayu1 aTwiries :bThe Freaky Twins Diaries /cEva Sri Rahayu (Penulis); Ainini (Editor) aCetakan Pertama, Mei 2014 aYogyakarta :bde Teens,c2014 a303 Halaman :bIlustrasi; teks ;c19 cm 4aCerita Pendek0 aEvi Sri Rejeki